[Event "Mondiale Lampo FIDE 2017"]
[Site "Riyadh"]
[Date "30.12.2017"]
[Round "19.18"]
[White "Rakhmanov, Aleksandr"]
[Black "Khismatullin, Denis"]
[Result "1-0"]
[WhiteTitle "GM"]
[BlackTitle "GM"]
[WhiteElo "2653"]
[BlackElo "2632"]
[WhiteFideId "4173708"]
[BlackFideId "4142578"]
[EventDate "2017.12.29"]

1. c4 e6 2. e4 c5 3. Nc3 Nc6 4. Nf3 Nf6 5. Be2 Qb6 6. O-O Be7 7. a3 O-O 8. b4
cxb4 9. axb4 Bxb4 10. e5 Bxc3 11. dxc3 Ne4 12. Qc2 f5 13. exf6 Nxf6 14. Ba3 Re8
15. Rfd1 d5 16. Bd3 Qc7 17. h3 b6 18. cxd5 exd5 19. c4 Ne5 20. Nxe5 Rxe5 21.
cxd5 Qxc2 22. Bxc2 Rxd5 23. Bb3 Be6 24. Bxd5 Nxd5 25. Bb2 a5 26. Rdc1 Kf7 27.
Rc6 Ra7 28. Bd4 Rb7 29. Re1 Bf5 30. Rd6 Nb4 31. Re5 Bg6 32. Rxb6 Rxb6 33. Bxb6
a4 34. Ra5 Bc2 35. Ra7+ Kg8 36. Bd4 g5 37. Rg7+ Kf8 38. Rxg5 Nc6 39. Bc5+ Kf7
40. g4 Be4 41. Ba3 Nd4 42. Ra5 Bc6 43. Kh2 Ke6 44. f4 Nb3 45. f5+ Kd7 46. Ra7+
Kc8 47. f6 1-0

[Event "Mondiale Lampo FIDE 2017"]
[Site "Riyadh"]
[Date "30.12.2017"]
[Round "19.20"]
[White "Fedoseev, Vladimir3"]
[Black "Ponomariov, Ruslan"]
[Result "1-0"]
[WhiteTitle "GM"]
[BlackTitle "GM"]
[WhiteElo "2718"]
[BlackElo "2694"]
[WhiteFideId "24130737"]
[BlackFideId "14103320"]
[EventDate "2017.12.29"]

1. d4 Nf6 2. c4 e6 3. Nf3 b6 4. g3 Bb7 5. Bg2 Be7 6. O-O O-O 7. Be3 Na6 8. Nc3
d5 9. Ne5 c5 10. dxc5 bxc5 11. Bf4 Bd6 12. cxd5 Bxe5 13. Bxe5 Nxd5 14. Qb3 Qe7
15. Ne4 Rfd8 16. Bd6 Qd7 17. Nxc5 Nxc5 18. Bxc5 a6 19. Rfd1 Qb5 20. Qxb5 axb5
21. a3 f5 22. Rac1 Rac8 23. e3 Kf7 24. Bd4 Ba6 25. h4 b4 26. axb4 Nxb4 27. Ra1
Rd7 28. Ra4 Rb8 29. Rda1 Bd3 30. Ra7 Rd8 31. Bb6 1-0

[Event "Mondiale Lampo FIDE 2017"]
[Site "Riyadh"]
[Date "30.12.2017"]
[Round "19.21"]
[White "Bacrot, Etienne"]
[Black "Safarli, Eltaj"]
[Result "0-1"]
[WhiteTitle "GM"]
[BlackTitle "GM"]
[WhiteElo "2725"]
[BlackElo "2639"]
[WhiteFideId "605506"]
[BlackFideId "13402129"]
[EventDate "2017.12.29"]

1. d4 Nf6 2. Bf4 g6 3. Nc3 d5 4. e3 Bg7 5. h4 h5 6. Be2 Bg4 7. Nf3 Bxf3 8. Bxf3
c6 9. g4 Nbd7 10. g5 Ng8 11. Qe2 e5 12. Bh2 Ne7 13. O-O-O Qb6 14. Bg2 O-O 15.
Bh3 exd4 16. exd4 Qd8 17. Rhe1 Re8 18. Bd6 Nf5 19. Qxe8+ Qxe8 20. Rxe8+ Rxe8 21.
Bxf5 gxf5 22. b4 Re6 23. Bg3 Nf8 24. Rd3 Re1+ 25. Kd2 Ra1 26. a4 Ne6 27. Be5
Bxe5 28. dxe5 Rh1 29. Rf3 Rxh4 30. Rxf5 Rxb4 31. Rf6 Rd4+ 32. Ke3 Rc4 33. Ne2
Re4+ 34. Kd2 Nxg5 35. Rf5 Rxe5 36. Rf4 Ne6 37. Rh4 Nc5 38. Nf4 Ne4+ 39. Ke1 Nf6+
40. Kf1 Re4 41. f3 Rxa4 42. Kf2 a5 43. Kg3 Rc4 44. Rh2 a4 0-1

[Event "Mondiale Lampo FIDE 2017"]
[Site "Riyadh"]
[Date "30.12.2017"]
[Round "19.22"]
[White "Sjugirov, Sanan"]
[Black "Laznicka, Viktor"]
[Result "1-0"]
[WhiteTitle "GM"]
[BlackTitle "GM"]
[WhiteElo "2650"]
[BlackElo "2647"]
[WhiteFideId "4189302"]
[BlackFideId "316385"]
[EventDate "2017.12.29"]

1. d4 d5 2. Nf3 Nf6 3. Bg5 Ne4 4. Bh4 Bf5 5. Nbd2 c6 6. e3 Qb6 7. Qc1 e6 8. Be2
Nd7 9. O-O Nxd2 10. Nxd2 Bd6 11. c4 Qc7 12. Nf3 dxc4 13. Qxc4 O-O 14. Rac1 a5
15. Bd3 Bxd3 16. Qxd3 Rfe8 17. e4 Bf8 18. Rfd1 Qb6 19. Qe2 a4 20. Qc2 h6 21. Bg3
Qb5 22. h3 Ra6 23. Nd2 e5 24. Nc4 exd4 25. Rxd4 Nf6 26. Rcd1 Qc5 27. Qd3 Qb5 28.
Qc2 Qc5 29. Qe2 Qb5 30. e5 Nd5 31. Qf3 Re6 32. Nd6 Bxd6 33. exd6 Ra8 34. b3 axb3
35. axb3 Rd8 36. Kh2 Qb6 37. Rg4 Rf6 38. Qd3 Re6 39. Ra1 Nf6 40. Rga4 Nh5 41.
Ra8 Nxg3 42. Qxg3 Kh7 43. Qd3+ g6 44. Rxd8 Qxd8 45. Rd1 Qd7 46. Qd4 b6 47. b4 h5
48. Qf4 c5 49. bxc5 bxc5 50. g3 Kg8 51. h4 c4 52. Qd4 c3 53. Ra1 Qd8 54. d7 c2
55. Ra8 Qxa8 56. d8=Q+ Qxd8 57. Qxd8+ Kh7 58. Qc7 Re2 59. Qxf7+ Kh6 60. Qf8+ Kh7
61. Qf7+ Kh6 62. Qf4+ Kh7 63. Qc7+ Kh6 64. Kg2 1-0

[Event "Mondiale Lampo FIDE 2017"]
[Site "Riyadh"]
[Date "30.12.2017"]
[Round "19.23"]
[White "Bocharov, Dmitry"]
[Black "Quparadze, Giga"]
[Result "0-1"]
[WhiteTitle "GM"]
[BlackTitle "GM"]
[WhiteElo "2583"]
[BlackElo "2506"]
[WhiteFideId "4138716"]
[BlackFideId "13602250"]
[EventDate "2017.12.29"]

1. c4 c5 2. Nc3 Nc6 3. g3 g6 4. Bg2 Bg7 5. Nf3 d6 6. O-O e6 7. e3 Nge7 8. d4 O-O
9. Re1 cxd4 10. exd4 d5 11. cxd5 Nxd5 12. Bg5 f6 13. Bd2 Nce7 14. Qb3 Qb6 15.
Qa3 Bd7 16. Ne4 Nf5 17. Nc5 Rf7 18. Rac1 a5 19. Re2 Bf8 20. Nxd7 Rxd7 21. Qa4
Rdd8 22. Rce1 Nc7 23. Bc3 Ne7 24. Nd2 Ned5 25. Ne4 Qb5 26. Qd1 a4 27. a3 b6 28.
h4 Bg7 29. Bf1 Qc6 30. Bh3 h6 31. Bg2 Rac8 32. Bb4 Nb5 33. Nxf6+ Bxf6 34. Rxe6
Qd7 35. Bxd5 Qxd5 36. Rxf6 Nxd4 37. Rf4 g5 38. hxg5 hxg5 39. Qg4 Rc7 40. Rfe4
Rh7 41. Re8+ Rxe8 42. Rxe8+ Kf7 43. Re7+ Kg6 44. Rxh7 Nf3+ 45. Kf1 Kxh7 46. Qc8
Nd4 47. Qc7+ Kg8 48. Qc8+ Kh7 49. Qh3+ Kg6 50. g4 Qc4+ 51. Kg1 Ne2+ 52. Kh2 Qc7+
53. Kh1 Qc1+ 54. Kg2 Nf4+ 0-1

[Event "Mondiale Lampo FIDE 2017"]
[Site "Riyadh"]
[Date "30.12.2017"]
[Round "19.24"]
[White "Socko, Bartosz"]
[Black "Akobian, Varuzhan"]
[Result "0-1"]
[WhiteTitle "GM"]
[BlackTitle "GM"]
[WhiteElo "2593"]
[BlackElo "2647"]
[WhiteFideId "1107038"]
[BlackFideId "13300580"]
[EventDate "2017.12.29"]

1. d4 e6 2. c4 Nf6 3. g3 d5 4. Bg2 c5 5. cxd5 exd5 6. Nf3 Nc6 7. O-O Be7 8. dxc5
Bxc5 9. a3 a6 10. b4 Ba7 11. Bb2 O-O 12. Nbd2 Re8 13. Nb3 Bg4 14. h3 Bh5 15. g4
Bg6 16. Rc1 Ne4 17. Nbd4 Rc8 18. e3 Bb8 19. Re1 h5 20. Nxc6 bxc6 21. Qd4 f6 22.
Nh4 Be5 23. Qd3 Bxb2 24. Rc2 Bh7 25. Rxb2 Nxf2 26. Qxa6 Nd3 27. Rbe2 Nxe1 28.
Rxe1 hxg4 29. hxg4 Qd6 30. Qe2 Qg3 31. Nf5 Bxf5 32. gxf5 Re5 33. Qf1 Rxe3 34.
Rc1 Rce8 0-1

[Event "Mondiale Lampo FIDE 2017"]
[Site "Riyadh"]
[Date "30.12.2017"]
[Round "19.27"]
[White "Harikrishna, Pentala"]
[Black "Anton Guijarro, David"]
[Result "1-0"]
[WhiteTitle "GM"]
[BlackTitle "GM"]
[WhiteElo "2744"]
[BlackElo "2666"]
[WhiteFideId "5007003"]
[BlackFideId "2285525"]
[EventDate "2017.12.29"]

1. Nf3 Nf6 2. c4 b6 3. d4 e6 4. e3 Bb7 5. Nc3 d5 6. cxd5 exd5 7. Bb5+ c6 8. Bd3
Be7 9. O-O O-O 10. Ne5 c5 11. Qf3 Nc6 12. Qh3 g6 13. Nxc6 Bxc6 14. b3 Re8 15.
dxc5 bxc5 16. Bb2 Qb6 17. Rab1 Rad8 18. Rfd1 a5 19. Ne2 Bb7 20. Nf4 Bf8 21. Bb5
Qxb5 22. Bxf6 Rd6 23. Bc3 Red8 24. Be5 R6d7 25. Nh5 Rd6 26. Nf6+ Rxf6 27. Bxf6
Re8 28. Qh4 Qc6 29. Bg5 d4 30. Qg3 Bd6 31. Qh3 Be5 32. Rbc1 Qd5 33. exd4 cxd4
34. Re1 d3 35. Bd2 Rd8 36. Qf3 Qd7 37. Qh3 Qd5 38. Rc4 Bf6 39. Qf3 Qxf3 40. gxf3
Bxf3 41. Rf4 Bg5 42. Rxf3 Bxd2 43. Rd1 Bb4 44. Rfxd3 1-0

[Event "Mondiale Lampo FIDE 2017"]
[Site "Riyadh"]
[Date "30.12.2017"]
[Round "19.28"]
[White "Nguyen, Ngoc Truong Son"]
[Black "Kasimdzhanov, Rustam"]
[Result "1/2-1/2"]
[WhiteTitle "GM"]
[BlackTitle "GM"]
[WhiteElo "2630"]
[BlackElo "2683"]
[WhiteFideId "12401110"]
[BlackFideId "14200244"]
[EventDate "2017.12.29"]

1. d4 Nf6 2. Nf3 d5 3. Bf4 e6 4. e3 c5 5. c3 Nc6 6. Nbd2 Bd6 7. Bg3 O-O 8. Bd3
h6 9. O-O Bxg3 10. hxg3 Qd6 11. Re1 Rd8 12. Qe2 e5 13. e4 cxd4 14. cxd4 dxe4 15.
Nxe4 Nxe4 16. Qxe4 f5 17. Bc4+ Kf8 18. Qh4 e4 19. Qh5 Qf6 20. Nh4 g5 21. Ng6+
Kg7 22. Ne5 Rxd4 23. Qe8 Rd8 24. Qf7+ Qxf7 25. Nxf7 Rd4 26. Bb3 Bd7 27. Rad1 Rf8
28. Nd6 b6 29. g4 fxg4 30. Rxd4 Nxd4 31. Rxe4 Nxb3 32. Re7+ Kf6 33. Rxd7 Ke6 34.
Rxa7 Nd4 35. Ne4 Kd5 36. Nc3+ Kc4 37. Rc7+ Kd3 38. Rd7 Kc4 39. Rd6 b5 40. Rxh6
b4 41. Ne4 Kd3 42. Ng3 Kc2 43. Rb6 Rf4 44. b3 Kb2 45. Kf1 Nc2 46. Ne2 Re4 47. f3
gxf3 48. gxf3 Re5 49. Ra6 Na3 50. Ra4 Rb5 51. Nd4 Rb6 52. Kf2 Kxa2 53. Nc2 Kxb3
54. Rxb4+ Rxb4 55. Nxb4 Kxb4 56. Kg3 Nc2 57. Kg4 1/2-1/2

[Event "Mondiale Lampo FIDE 2017"]
[Site "Riyadh"]
[Date "30.12.2017"]
[Round "19.29"]
[White "Kravtsiv, Martyn"]
[Black "Bosiocic, Marin"]
[Result "1-0"]
[WhiteTitle "GM"]
[BlackTitle "GM"]
[WhiteElo "2672"]
[BlackElo "2624"]
[WhiteFideId "14113147"]
[BlackFideId "14507927"]
[EventDate "2017.12.29"]

1. e4 e5 2. Nf3 Nc6 3. Bc4 Bc5 4. O-O Nf6 5. d3 O-O 6. a4 a6 7. Bg5 h6 8. Bh4
Be7 9. Nc3 d6 10. Bxf6 Bxf6 11. Nd5 g6 12. b4 Bg7 13. Qd2 Ne7 14. b5 a5 15.
Nxe7+ Qxe7 16. Bd5 Kh7 17. Rab1 f5 18. Kh1 f4 19. d4 g5 20. dxe5 dxe5 21. Qc3 g4
22. Nd2 Rf6 23. Nc4 c6 24. Nb6 cxd5 25. Nxa8 Bd7 26. Qc7 f3 27. g3 d4 28. Nb6
Rd6 29. Nc8 Qe6 30. Nxd6 h5 31. Nf5 Qe8 32. Nxg7 Kxg7 33. c3 h4 34. cxd4 exd4
35. Rbd1 hxg3 36. Qxg3 Qxe4 37. Rfe1 Qc2 38. Rxd4 Bf5 39. Rxg4+ 1-0

[Event "Mondiale Lampo FIDE 2017"]
[Site "Riyadh"]
[Date "30.12.2017"]
[Round "19.30"]
[White "Pantsulaia, Levan"]
[Black "Potkin, Vladimir"]
[Result "1-0"]
[WhiteTitle "GM"]
[BlackTitle "GM"]
[WhiteElo "2612"]
[BlackElo "2574"]
[WhiteFideId "13602071"]
[BlackFideId "4131061"]
[EventDate "2017.12.29"]

1. Nf3 d5 2. g3 Nf6 3. Bg2 c6 4. c4 g6 5. b3 Bg7 6. Bb2 O-O 7. d3 c5 8. cxd5
Nxd5 9. Bxg7 Kxg7 10. Qc2 b6 11. O-O Bb7 12. a3 Nc6 13. Nbd2 Rc8 14. Qb2+ f6 15.
Bh3 Rc7 16. e4 e5 17. exd5 Qxd5 18. Bg2 Qxd3 19. Nc4 Rd8 20. Ne3 Nd4 21. Rfd1
Qb5 22. Nxd4 cxd4 23. Bxb7 Rxb7 24. Rac1 Rbd7 25. Nc4 Qd5 26. a4 h5 27. h4 g5
28. hxg5 h4 29. gxf6+ Kxf6 30. Re1 h3 31. f3 Rg8 32. g4 Re7 33. Qd2 Rg6 34. Kh2
Kg7 35. Re4 a6 36. Rce1 b5 37. axb5 axb5 38. Nxe5 Qd6 39. Qxd4 1-0

[Event "Mondiale Lampo FIDE 2017"]
[Site "Riyadh"]
[Date "30.12.2017"]
[Round "19.31"]
[White "Fressinet, Laurent"]
[Black "Saric, Ivan"]
[Result "0-1"]
[WhiteTitle "GM"]
[BlackTitle "GM"]
[WhiteElo "2662"]
[BlackElo "2669"]
[WhiteFideId "608742"]
[BlackFideId "14508150"]
[EventDate "2017.12.29"]

1. e4 c5 2. Nf3 e6 3. Nc3 Nc6 4. Bb5 Nge7 5. O-O a6 6. Bxc6 Nxc6 7. d4 cxd4 8.
Nxd4 d6 9. Nxc6 bxc6 10. Qg4 e5 11. Qg3 Be6 12. Kh1 h5 13. h3 h4 14. Qd3 Be7 15.
f4 O-O 16. f5 Bc8 17. Nd1 d5 18. Ne3 dxe4 19. Qxe4 Qd4 20. Qf3 Rb8 21. Ng4 e4
22. Qe2 Rb5 23. Rd1 Qa7 24. Be3 Qb7 25. Bd4 Bxf5 26. Ne3 Be6 27. c4 Rg5 28. Rf1
f5 29. Be5 Rd8 30. Bf4 Rg6 31. Qh5 Bf7 32. Qxf5 Rf6 33. Qg4 Qxb2 34. Nf5 Bf8 35.
Bg5 Rg6 36. Nxh4 Rxg5 37. Qxg5 Rd7 38. Rab1 Qxa2 39. Rb8 Qxc4 40. Ng6 Qxf1+ 41.
Kh2 Bxg6 42. Qxg6 Qf4+ 43. Kg1 Rd1# 0-1

[Event "Mondiale Lampo FIDE 2017"]
[Site "Riyadh"]
[Date "30.12.2017"]
[Round "19.32"]
[White "Georgiev, Kiril"]
[Black "Vallejo Pons, Francisco"]
[Result "0-1"]
[WhiteTitle "GM"]
[BlackTitle "GM"]
[WhiteElo "2623"]
[BlackElo "2707"]
[WhiteFideId "2900017"]
[BlackFideId "2205530"]
[EventDate "2017.12.29"]

1. c4 e5 2. Nc3 d6 3. g3 Be7 4. Bg2 f5 5. e3 Nf6 6. Nge2 O-O 7. O-O c6 8. b3 Na6
9. d4 e4 10. d5 Nc5 11. Ba3 Qa5 12. Bxc5 Qxc5 13. Rc1 Qa5 14. dxc6 bxc6 15. Qd2
Qe5 16. Rfd1 Rb8 17. Nd4 Bd7 18. b4 Rxb4 19. Nxe4 fxe4 20. Nxc6 Bxc6 21. Qxb4
Ng4 22. c5 d5 23. Rf1 Qe6 24. Qb3 h5 25. Qd1 g6 26. Qe2 Ne5 27. Rb1 Nd3 28. f3
Bxc5 29. fxe4 dxe4 30. Rxf8+ Kxf8 31. Kh1 Kg7 32. Qd2 Qf5 33. Qc3+ Qf6 34. Qd2
Qf2 35. Qxf2 Nxf2+ 36. Kg1 Bxe3 37. Kf1 Bb6 38. Ke2 Ng4 39. h3 Nf6 40. Rc1 Bb5+
41. Kd1 e3 42. Bf3 g5 43. Be2 Ba4+ 44. Ke1 Bd7 45. h4 g4 46. Rc4 Be6 47. Ra4 Bd5
48. Bd3 Kf7 49. Rf4 Ke6 50. a4 Bf3 51. Be2 Ba5+ 52. Kf1 Bc7 53. Rc4 Bxg3 54. Rc3
Bf2 55. a5 Ne4 56. Rc6+ Kd5 0-1

[Event "Mondiale Lampo FIDE 2017"]
[Site "Riyadh"]
[Date "30.12.2017"]
[Round "19.33"]
[White "Zhigalko, Sergei"]
[Black "Andriasian, Zaven"]
[Result "1/2-1/2"]
[WhiteTitle "GM"]
[BlackTitle "GM"]
[WhiteElo "2641"]
[BlackElo "2585"]
[WhiteFideId "13502956"]
[BlackFideId "13302000"]
[EventDate "2017.12.29"]

1. e4 d6 2. d4 g6 3. Nc3 Bg7 4. Nf3 Nf6 5. h3 c6 6. a4 a5 7. Be3 O-O 8. Bd3 Qc7
9. O-O e5 10. Re1 Re8 11. Bc4 exd4 12. Bxd4 Nbd7 13. Ng5 Re7 14. Ba2 h6 15. Nf3
Re8 16. Qd2 Ne5 17. Nxe5 dxe5 18. Be3 Rd8 19. Qe2 Qe7 20. Bb6 Re8 21. Red1 Nh5
22. Be3 Nf4 23. Qf3 Ne6 24. Ne2 Ng5 25. Bxg5 hxg5 26. Rd6 g4 27. Qd3 Kf8 28.
hxg4 Bxg4 29. f3 Rad8 30. Rd1 Rxd6 31. Qxd6 Qxd6 32. Rxd6 Bc8 33. Kf2 Ke7 34.
Rd1 Rh8 35. Nc1 f5 36. Re1 b6 37. Nd3 f4 38. b4 axb4 39. Nxb4 Bd7 40. Rd1 g5 41.
Bc4 Ra8 42. Bb3 Ke8 43. Rh1 Ke7 44. Rh7 Kf6 45. Rh1 Bf8 46. Rh7 Be8 47. Nd3 c5
48. Rh8 Bg7 49. Bd5 Bxh8 50. Bxa8 Bxa4 51. c4 Bg7 52. Bd5 Ke7 53. Ke2 Kd6 54.
Nb2 Bd7 55. Kd3 g4 56. Nd1 b5 57. cxb5 Bxb5+ 58. Bc4 Bd7 59. Nf2 g3 60. Nd1 Kc7
61. Kc3 Kb6 62. Kb3 Ka5 63. Nc3 Bf6 64. Nd5 Bd8 65. Nc3 Bc6 66. Ka3 Bd7 67. Kb3
Kb6 68. Na4+ Kc6 69. Nc3 Ba5 70. Bb5+ Kd6 71. Bxd7 Bxc3 72. Bh3 Bd4 73. Kc4 Kc6
74. Bg4 Kb6 75. Bh3 Ka5 76. Bg4 Ka4 77. Bh3 Ka3 78. Bg4 Kb2 79. Bh3 Kc2 80. Bg4
Kd2 81. Bh3 Ke2 82. Bg4 Kf2 83. Bh3 Be3 84. Kd3 Ke1 85. Kc4 Kf1 86. Kd3 Bd4 87.
Kc4 1/2-1/2

[Event "Mondiale Lampo FIDE 2017"]
[Site "Riyadh"]
[Date "30.12.2017"]
[Round "19.34"]
[White "Riazantsev, Alexander"]
[Black "Adhiban, Baskaran"]
[Result "1-0"]
[WhiteTitle "GM"]
[BlackTitle "GM"]
[WhiteElo "2650"]
[BlackElo "2655"]
[WhiteFideId "4125029"]
[BlackFideId "5018471"]
[EventDate "2017.12.29"]

1. d4 d6 2. e4 g6 3. c4 Bg7 4. Nc3 Nc6 5. Be3 e5 6. d5 Nce7 7. c5 Nf6 8. f3 O-O
9. Qd2 c6 10. dxc6 Nxc6 11. cxd6 Be6 12. Nge2 Qa5 13. Rd1 Rfd8 14. Nd5 Bxd5 15.
exd5 Qxd2+ 16. Rxd2 Nd4 17. Nxd4 exd4 18. Bxd4 Rxd6 19. Kf2 Rxd5 20. Bc4 Ng4+
21. fxg4 Rxd4 22. Rxd4 Bxd4+ 23. Kf3 Bxb2 24. Rb1 Rc8 25. Bd3 Be5 26. Rxb7 Bxh2
27. Rxa7 Bg1 28. Rb7 g5 29. a4 Re8 30. Be4 Rc8 31. Bd5 Rc3+ 32. Ke4 Ra3 33.
Bxf7+ Kg7 34. Bb3+ Kf6 35. Rb5 h6 36. Kd5 Bf2 37. Kc6 Be1 38. Kb6 Ra1 39. a5
Bf2+ 40. Kb7 Be3 41. a6 Rg1 42. Bd5 Rd1 43. a7 Bxa7 44. Kxa7 Rd2 45. Bf3 Rd4 46.
Kb7 h5 47. gxh5 g4 48. Bc6 g3 49. Kc7 Rh4 50. Ra5 Ke6 51. Bf3 Rf4 52. Ra3 Rh4
53. Rc3 Ke5 54. Kd7 Kd4 55. Ra3 Rh1 56. Ke6 1-0

[Event "Mondiale Lampo FIDE 2017"]
[Site "Riyadh"]
[Date "30.12.2017"]
[Round "19.35"]
[White "Cheparinov, Ivan"]
[Black "Al-Sayed, Mohammed"]
[Result "1-0"]
[WhiteTitle "GM"]
[BlackTitle "GM"]
[WhiteElo "2710"]
[BlackElo "2511"]
[WhiteFideId "2905540"]
[BlackFideId "12100196"]
[EventDate "2017.12.29"]

1. d4 d5 2. Nf3 Nf6 3. c4 c6 4. g3 Bf5 5. Nc3 e6 6. Nh4 Be4 7. f3 Bg6 8. Qb3 Qb6
9. c5 Qxb3 10. axb3 Nbd7 11. b4 Be7 12. Nxg6 hxg6 13. e3 e5 14. b5 exd4 15. exd4
Nf8 16. bxc6 bxc6 17. b4 Ne6 18. Be3 O-O 19. Kd2 Rfb8 20. Ra4 Ne8 21. b5 cxb5
22. Bxb5 N8c7 23. Rb1 Bf6 24. Bd3 Rxb1 25. Bxb1 Rb8 26. Bc2 a6 27. f4 Kf8 28. g4
g5 29. f5 Nd8 30. Bd1 Rb2+ 31. Kc1 Rxh2 32. Rb4 Nc6 33. Rb7 Nb5 34. Nxb5 axb5
35. Rb6 Bxd4 36. Bxg5 f6 37. Bf4 Rf2 38. Bd6+ Ke8 39. Rxc6 b4 40. Ba4 Kf7 1-0

[Event "Mondiale Lampo FIDE 2017"]
[Site "Riyadh"]
[Date "30.12.2017"]
[Round "19.36"]
[White "Alekseev, Evgeny"]
[Black "Eljanov, Pavel"]
[Result "1-0"]
[WhiteTitle "GM"]
[BlackTitle "GM"]
[WhiteElo "2616"]
[BlackElo "2711"]
[WhiteFideId "4138147"]
[BlackFideId "14102951"]
[EventDate "2017.12.29"]

1. Nf3 d5 2. e3 c5 3. b3 Nc6 4. Bb2 Nf6 5. Bb5 Bd7 6. O-O e6 7. d3 Bd6 8. Bxc6
Bxc6 9. Ne5 Qc7 10. f4 O-O-O 11. Nd2 Kb8 12. Qe2 Rhg8 13. c4 Ka8 14. Rac1 d4 15.
exd4 cxd4 16. Ndf3 Bxf3 17. Rxf3 g5 18. c5 Bxe5 19. Qxe5 Qxe5 20. fxe5 Ng4 21.
Re1 Rd5 22. Rg3 Nxe5 23. Bxd4 Nc6 24. Bf2 Kb8 25. Rh3 Rg7 26. a3 a5 27. Re4 Kc8
28. b4 axb4 29. axb4 Na7 30. Bd4 Rg8 31. Bb2 Nc6 32. Rxh7 Rxd3 33. Rxf7 Rd1+ 34.
Rf1 Rxf1+ 35. Kxf1 Kd7 36. Ke2 Ra8 37. Bc3 Ra2+ 38. Kf3 Na7 39. Re3 Nb5 40. Be5
Ra4 41. Kg4 Ra2 42. g3 Rxh2 43. Kxg5 Kc6 44. g4 Rg2 45. Kh5 Kd5 46. g5 Na7 47.
g6 Nc6 48. Bf6 Rh2+ 49. Kg4 e5 50. g7 1-0

[Event "Mondiale Lampo FIDE 2017"]
[Site "Riyadh"]
[Date "30.12.2017"]
[Round "19.37"]
[White "Van Foreest, Jorden"]
[Black "Meier, Georg"]
[Result "1-0"]
[WhiteTitle "GM"]
[BlackTitle "GM"]
[WhiteElo "2629"]
[BlackElo "2650"]
[WhiteFideId "1039784"]
[BlackFideId "4675789"]
[EventDate "2017.12.29"]

1. e4 e6 2. b3 d5 3. Bb2 a6 4. Qe2 Nf6 5. exd5 Nxd5 6. Nc3 Nc6 7. Nf3 b5 8. a4
b4 9. Nxd5 Qxd5 10. O-O-O Bb7 11. g3 O-O-O 12. Bg2 Rg8 13. Rhg1 Qh5 14. g4 Qh6
15. Ne5 Nxe5 16. Bxe5 Bd6 17. Bxd6 Rxd6 18. Bxb7+ Kxb7 19. Qe4+ Ka7 20. Qxb4
Qxh2 21. Qc5+ Kb7 22. Rg3 Rc6 23. Qb4+ Kc8 24. Qe4 Kb7 25. b4 f5 26. gxf5 exf5
27. Qf3 Kb6 28. a5+ Kb7 29. Rh1 1-0

[Event "Mondiale Lampo FIDE 2017"]
[Site "Riyadh"]
[Date "30.12.2017"]
[Round "19.38"]
[White "Mchedlishvili, Mikheil"]
[Black "Demchenko, Anton"]
[Result "1-0"]
[WhiteTitle "GM"]
[BlackTitle "GM"]
[WhiteElo "2603"]
[BlackElo "2660"]
[WhiteFideId "13600966"]
[BlackFideId "4160258"]
[EventDate "2017.12.29"]

1. e4 c5 2. Ne2 Nf6 3. Nbc3 d6 4. g3 g6 5. Bg2 Bg7 6. d4 cxd4 7. Nxd4 O-O 8. O-O
Nc6 9. Nde2 Rb8 10. a4 a6 11. h3 b5 12. axb5 axb5 13. Nd5 Nd7 14. Rb1 b4 15. Bg5
h6 16. Be3 e6 17. Ndf4 Nde5 18. b3 Ba6 19. Qd2 Kh7 20. Rfd1 Qc8 21. Nd4 Nxd4 22.
Bxd4 Rd8 23. h4 Qc7 24. Rbc1 Rbc8 25. Ba1 Qb8 26. Ne2 Qb6 27. Bd4 Qb5 28. Re1
Bb7 29. Nf4 Ba8 30. Red1 Rb8 31. Ra1 Rd7 32. Ra2 Qb7 33. Rda1 Qc8 34. Ra4 Rc7
35. R1a2 Qe8 36. Ra7 Rxa7 37. Rxa7 Nc6 38. Bxg7 Nxa7 39. Nh5 g5 40. Nf6+ Kxg7
41. Nxe8+ Rxe8 42. Qd4+ Kg8 43. Qxa7 Rc8 44. hxg5 hxg5 45. Qd4 Rxc2 46. Qxd6 Rc8
47. Qxb4 Bc6 48. Qc5 g4 49. b4 Bd7 50. Qg5+ Kf8 51. Qxg4 Rb8 52. Qf4 Rb7 53.
Qd6+ Ke8 54. e5 Rb5 55. Bc6 1-0

[Event "Mondiale Lampo FIDE 2017"]
[Site "Riyadh"]
[Date "30.12.2017"]
[Round "19.39"]
[White "Kovalev, Vladislav"]
[Black "Moiseenko, Alexander"]
[Result "1-0"]
[WhiteTitle "GM"]
[BlackTitle "GM"]
[WhiteElo "2639"]
[BlackElo "2667"]
[WhiteFideId "13504398"]
[BlackFideId "14102560"]
[EventDate "2017.12.29"]

1. e4 c5 2. Be2 Nc6 3. d3 g6 4. f4 Bg7 5. Nf3 Nf6 6. O-O O-O 7. c3 d6 8. Kh1 b5
9. a3 Bb7 10. Be3 a5 11. Nbd2 b4 12. d4 bxc3 13. bxc3 a4 14. Rb1 cxd4 15. cxd4
Na5 16. d5 Nd7 17. Qxa4 Nc5 18. Qb4 Ba6 19. Bxa6 Nxa6 20. Qb5 Nc7 21. Qd3 Qd7
22. Rfc1 Rfc8 23. Nd4 Na6 24. Rxc8+ Qxc8 25. N4b3 Nxb3 26. Nxb3 Nc7 27. Nd4 e6
28. Nc6 Qd7 29. Rb7 exd5 30. exd5 Bf6 31. h3 Qc8 32. Rb3 Qf5 33. Qxf5 gxf5 34.
Rd3 Nb5 35. Bc1 Ra4 36. g4 Rc4 37. Bd2 fxg4 38. hxg4 h6 39. Kg2 Rc2 40. Kf3 Ra2
41. Bb4 Bb2 42. Rd2 Kg7 43. a4 Nc7 44. Rxb2 Rxa4 45. Bxd6 Nxd5 46. Rd2 Nb6 47.
Be5+ Kh7 48. Rd8 Nc4 49. Rh8+ Kg6 50. Rg8+ Kh7 51. Rg7+ Kh8 52. Rxf7+ Kg8 53.
Rg7+ Kf8 54. Rh7 Kg8 55. Rxh6 Nd2+ 56. Kg3 Ne4+ 57. Kh4 Ra2 58. Kh5 Kf7 59. Rh7+
Kg8 60. Kg6 1-0

[Event "Mondiale Lampo FIDE 2017"]
[Site "Riyadh"]
[Date "30.12.2017"]
[Round "19.40"]
[White "Fedorchuk, Sergey A."]
[Black "Guseinov, Gadir"]
[Result "1-0"]
[WhiteTitle "GM"]
[BlackTitle "GM"]
[WhiteElo "2648"]
[BlackElo "2646"]
[WhiteFideId "14102536"]
[BlackFideId "13401378"]
[EventDate "2017.12.29"]

1. e4 c5 2. Nf3 g6 3. d4 cxd4 4. Nxd4 Nc6 5. Nc3 Bg7 6. Nb3 Nf6 7. Be2 O-O 8.
O-O a5 9. a4 Nb4 10. Re1 d6 11. h3 Bd7 12. Bf1 Rc8 13. Nd4 Bc6 14. Ndb5 Nd7 15.
Bg5 Nc5 16. Qd2 Qd7 17. Rac1 Rfe8 18. Bh6 Bh8 19. b3 b6 20. Bc4 Qb7 21. Qf4 Ne6
22. Qf3 Bf6 23. Nd5 Bxd5 24. exd5 Nd4 25. Nxd4 Bxd4 26. c3 Na2 27. cxd4 Nxc1 28.
Rxc1 Red8 29. Re1 Rc7 30. Rxe7 f5 31. Re6 Rf7 32. Qe3 Qc8 33. Bb5 f4 34. Qe4 f3
35. gxf3 Kh8 36. Bc6 g5 37. Kg2 Rg8 38. Qg4 Rf4 39. Qh5 Qc7 40. Re8 Qf7 41. Qxf7
Rxf7 42. Re6 Rf4 43. Rxd6 Rxd4 44. Re6 Rd8 45. Bxg5 Rg8 46. f4 Rxf4 47. Kg3 Rb4
48. h4 Rxb3+ 49. Kg4 Rc3 50. f4 Rc1 51. Kh5 Kg7 52. Re7+ Kf8 53. Re8+ Kf7 54.
Rxg8 Kxg8 55. f5 Kf7 56. Bd7 b5 57. Be6+ Kf8 58. f6 Rf1 59. d6 bxa4 60. d7 1-0